Online
Catalog

Surco Pedagógico. / (Record no. 54996)

MARC details
000 -CABECERA
campo de control de longitud fija 01389nam a2200313 i 4500
003 - IDENTIFICADOR DEL NÚMERO DE CONTROL
campo de control DO-SdBNP
005 - FECHA Y HORA DE LA ÚLTIMA TRANSACCIÓN
campo de control 20231031172824.0
006 - CÓDIGOS DE INFORMACIÓN DE LONGITUD FIJA--CARACTERÍSTICAS DEL MATERIAL ADICIONAL
campo de control de longitud fija a||||fr|||| 00| 0
007 - CAMPO FIJO DE DESCRIPCIÓN FÍSICA--INFORMACIÓN GENERAL
campo de control de longitud fija ta
008 - DATOS DE LONGITUD FIJA--INFORMACIÓN GENERAL
campo de control de longitud fija 230928e2009 dr aoc|| |||| 00| 0 spa d
040 ## - FUENTE DE LA CATALOGACIÓN
Centro catalogador/agencia de origen DO-SdBNP
Lengua de catalogación spa
Centro/agencia transcriptor BNPHU
Normas de descripción rda
082 #4 - NÚMERO DE LA CLASIFICACIÓN DECIMAL DEWEY
Número de edición 22
Número de documento/Ítem G643s
245 10 - MENCIÓN DE TÍTULO
Título Surco Pedagógico. /
Mención de responsabilidad, etc. Narciso E. González R, Melania Pérez Florentino, Bekis M. Guerra R., Amín E. González F. Mercedes del C. Fernández
246 14 - FORMA VARIANTE DE TÍTULO
Título propio/Titulo breve Surco pedagógico:
Resto del título manual de trabajo del colegio Padre Emiliano Tardif de Santiago de los Caballeros República Dominicana.
264 ## - PRODUCCIÓN, PUBLICACIÓN, DISTRIBUCIÓN, FABRICACIÓN Y COPYRIGHT
Producción, publicación, distribución, fabricación y copyright Santiago de los Caballeros, República Dominicana
Nombre del de productor, editor, distribuidor, fabricante Sociedarte,
Fecha de producción, publicación, distribución, fabricación o copyright 2009
300 ## - DESCRIPCIÓN FÍSICA
Extensión 386 páginas :
Otras características físicas Ilustracione, fotografías, retratos ;
Dimensiones 21 cm
336 ## - TIPO DE CONTENIDO
Fuente rdacontent
Término de tipo de contenido texto
Código de tipo de contenido txt
337 ## - TIPO DE MEDIO
Fuente rdamedia
Nombre/término del tipo de medio sin mediación
Código del tipo de medio n
338 ## - TIPO DE SOPORTE
Fuente rdacarrier
Nombre/término del tipo de soporte volumen
Código del tipo de soporte nc
500 ## - NOTA GENERAL
Nota general Incluye datos biográficos de los autores a partir de la página 351.
500 ## - NOTA GENERAL
Nota general Incluye fe de errata
500 ## - NOTA GENERAL
Nota general Colegio Padre Emiliano Tardif, Primer Quinquenio de labor 2002 - 2007
590 ## - NOTA LOCAL (RLIN)
Nota local Inventariado 2023 / MF
700 1# - PUNTO DE ACCESO ADICIONAL--NOMBRE DE PERSONA
Nombre de persona Pérez Florentino, Melania,
Fechas asociadas al nombre 1978 -
Término indicativo de función/relación autora
9 (RLIN) 84294
700 1# - PUNTO DE ACCESO ADICIONAL--NOMBRE DE PERSONA
Nombre de persona Guerra R., Belkis M.
Fechas asociadas al nombre 1979 -
Término indicativo de función/relación autora
9 (RLIN) 84295
700 1# - PUNTO DE ACCESO ADICIONAL--NOMBRE DE PERSONA
Nombre de persona González F., Amín F.,
Fechas asociadas al nombre 1979 -
Término indicativo de función/relación autor
9 (RLIN) 84296
700 1# - PUNTO DE ACCESO ADICIONAL--NOMBRE DE PERSONA
Nombre de persona Fernández, Mercedes del C.,
Fechas asociadas al nombre 1957 -
Término indicativo de función/relación autora
9 (RLIN) 84297
942 ## - ELEMENTOS DE PUNTO DE ACCESO ADICIONAL (KOHA)
Fuente del sistema de clasificación o colocación Dewey Decimal Classification
Tipo de ítem Koha Libro
Holdings
Estado de retiro Estado de pérdida Fuente del sistema de clasificación o colocación Restricciones de uso No para préstamo Código de colección Localización permanente Ubicación/localización actual Ubicación en estantería Fecha de adquisición Fuente de adquisición Total de préstamos Signatura topográfica completa Código de barras Fecha visto por última vez Precio válido a partir de Tipo de ítem Koha Número de copia
    Dewey Decimal Classification Excluido de préstamo   Patrimonio Dominicano Biblioteca Nacional Pedro Henríquez Ureña Biblioteca Nacional Pedro Henríquez Ureña En catalogación 28.12.2014 Donado por Barbara Suncar   G643s 2023-6523 28.09.2023 28.09.2023 Libro  
    Dewey Decimal Classification Excluido de préstamo   Patrimonio Dominicano Biblioteca Nacional Pedro Henríquez Ureña Biblioteca Nacional Pedro Henríquez Ureña En catalogación 31.12.2019 Donado por Barbara Suncar   G643s 2023-7508 31.10.2023 31.10.2023 Libro e.2

Powered by Koha